| 000 | 01268nam a2200229Ia 4500 | ||
|---|---|---|---|
| 001 | L268-21648 | ||
| 003 | IT-CnALBA | ||
| 008 | 170116s9999||||xx |||||||||||||| ||und|| | ||
| 040 |
_aIT-CnALBA _cIT-CnALBA |
||
| 041 | _aITALIANO | ||
| 100 | _aRAVAGLIA GIOVANNI, CANONICO | ||
| 245 | 0 | _aARMONIE DIVINE. CORSO D'ISTRUZIONE RELIGIOSA PER LE SCUOLE MEDIE. VOL. II: LA MORALE. | |
| 250 | _a2a ed. | ||
| 260 |
_a TO BO CT PA _bSOCIETÀ ED. INTER. _c1930 [1° Ed.:1920 - Ed.Ling.Originale: 1920] |
||
| 300 | _a194 p. (prefazione: 5) | ||
| 500 | _aFEDE E OPERE. LIBERO ARBITRIO. FINE DELL'UOMO. LEGGE NATURALE LEGGE SCRITTA I COMANDAMENTI. LEGGE ECCLESIASTICA. I PRECETTI DELLA CHIESA. LEGGE EVANGELICA. LE OPERE DI MISERICORDIA. LEGGE CIVILE. PECCATO. VIZI E VIRTÙ. TEOLOGALI. CARDINALI. I NOVISSIMI. M | ||
| 501 | _aSocietà San Paolo EM - Piazza San Paolo, 14 - 12051 ALBA (CN) (non commercial uses only) ® Copyright 2017 | ||
| 520 | _aFEDE E OPERE. LIBERO ARBITRIO. FINE DELL'UOMO. LEGGE NATURALE LEGGE SCRITTA I COMANDAMENTI. LEGGE ECCLESIASTICA. I PRECETTI DELLA CHIESA. LEGGE EVANGELICA. LE OPERE DI MISERICORDIA. LEGGE CIVILE. PECCATO. VIZI E VIRTÙ. TEOLOGALI. CARDINALI. I NOVISSIMI. M | ||
| 650 | _aCATECHESI | ||
| 942 | _cBK | ||
| 957 | _71 | ||
| 999 |
_a26390 _bSI _g Copie: 1 _c280752 _d280752 |
||